• 首页
  • 本馆介绍
  • 公告通知
  • 最新文献
  • 馆藏检索
  • 电子资源
  • 读者导购
  • 参考咨询
  • 我的图书馆
  • 登录
  • 详细信息显示
  • 放入我的书架
  • 预约/预借图书
  • 作者相关作品
  • 分类相关作品
  • 丛书相关作品
  • 出版社相关作品

书目信息

  • 表格格式
  • 工作单格式
  • 卡片格式
题名:
论文艺与群众
    
 
作者: ;红旗杂志文艺部 编
分册:  
出版信息: 北京   红旗出版社  1982
页数: 223页
开本: 19cm
丛书名: 《红旗》文艺论文丛书
单 册:
中图分类: I022
科图分类:
主题词: 文学理论--基本问题
电子资源:
ISBN:
000 00723nam2 2200265 45
001 0182004499
005 20040424091726.7
010    @dCNY0.60
091    @a10160.001
100    @a19950524d1982 em y0chiy0121 ea
101 0  @achi
102    @aCN@b110000
105    @ay z 000zy
106    @ar
200 10 @a论文艺与群众@Alun wen yi yu qun zhong@f红旗杂志文艺部编
210    @a北京@c红旗出版社@d1982
215    @a223页@d19cm
225 2  @a《红旗》文艺论文丛书
410  0 @120012@a《红旗》文艺论文丛书
606 0  @a文学理论@x基本问题
690    @aI022
711 02 @a红旗杂志文艺部@Ahong qi za zhi wen yi bu@4编
801  0 @aCN@b上海图书馆@c20040424
801  2 @aCN@bNLC@c20040424
905    @f1@b97510@dI022@e38
    
    论文艺与群众/红旗杂志文艺部编.-北京:红旗出版社,1982
    223页;19cm.-(《红旗》文艺论文丛书)
    
    
    ISBN :CNY0.60
    
●
相关链接 在E读中查询图书 在五车中查询图书 在当当中查询图书 在豆瓣中查询图书


正题名:论文艺与群众     索取号:I03/92         预约/预借

序号 登录号 条形码 馆藏地/架位号 状态 备注
1 0097510   000898069   第二借阅区/ [索取号:I03/92] 在馆    
2 0097511   000898078   第一样本阅览室/ [索取号:I03/92] 在馆    
唐山师范学院图书馆 欢迎您!
大连网信软件有限公司© 版权所有